Environmental Chemistry: (Record no. 194512)
[ view plain ]
| 000 -LEADER | |
|---|---|
| fixed length control field | 00787nam a22001937a 4500 |
| 005 - DATE AND TIME OF LATEST TRANSACTION | |
| control field | 20230504102240.0 |
| 010 ## - LCCN (DPL NO) | |
| LC control number | B-748077-082 E.N.A./7.11.22 |
| 020 ## - INTERNATIONAL STANDARD BOOK NUMBER | |
| International Standard Book Number | 9789355310354 |
| Terms of availability | 660.00 |
| 035 ## - SYSTEM CONTROL NUMBER | |
| System control number | B-748077-082 |
| 037 ## - SOURCE OF ACQUISITION | |
| Source of stock number/acquisition | Pragati Prakashan |
| 082 ## - DEWEY DECIMAL CLASSIFICATION NUMBER | |
| Classification number | 577.14 |
| 100 ## - MAIN ENTRY--PERSONAL NAME | |
| Personal name | Kaur,H. |
| 245 ## - TITLE STATEMENT | |
| Title | Environmental Chemistry: |
| Remainder of title | for B.E., B. Sc. and M. Tech. Students of Various Universities/ |
| Statement of responsibility, etc | H. Kaur |
| 260 ## - PUBLICATION, DISTRIBUTION, ETC. (IMPRINT) | |
| Place of publication, distribution, etc | Meerut |
| Name of publisher, distributor, etc | Pragati Prakashan |
| Date of publication, distribution, etc | 2021 |
| 270 ## - ADDRESS | |
| Address | Pragati Bhawan 240, W.K. Road |
| City | Meerut |
| Postal code | 250001 |
| 300 ## - PHYSICAL DESCRIPTION | |
| Extent | 696p. |
| Dimensions | 23cm(pbk) |
| 942 ## - ADDED ENTRY ELEMENTS (KOHA) | |
| Source of classification or shelving scheme | Dewey Decimal Classification |
| Item type | English Books |
| Call number suffix | KAU |
| Classification part | 577.14 |
| Withdrawn status | Lost status | Not for loan | Collection code | Home library | Current library | Date acquired | Source of acquisition | Cost, normal purchase price | Full call number | Barcode | Copy number | Cost, replacement price | Koha item type |
|---|---|---|---|---|---|---|---|---|---|---|---|---|---|
| Non-fiction | Central Library | Central Library | 04/05/2023 | Pragati Prakashan/2316/25.11.22/194/23.11.22/26.12.22 | 660.00 | 577.14 KAU | B-748077 | 1 | 660.00 | English Books | |||
| Non-fiction | Mobile Library | Mobile Library | 04/05/2023 | Pragati Prakashan/2316/25.11.22/194/23.11.22/26.12.22 | 660.00 | 577.14 KAU | B-748078 | 2 | 660.00 | English Books | |||
| Non-fiction | Mobile Library | Mobile Library | 04/05/2023 | Pragati Prakashan/2316/25.11.22/194/23.11.22/26.12.22 | 660.00 | 577.14 KAU | B-748079 | 2 | 660.00 | English Books | |||
| Non-fiction | Patel Nagar | Patel Nagar | 04/05/2023 | Pragati Prakashan/2316/25.11.22/194/23.11.22/26.12.22 | 660.00 | 577.14 KAU | B-748080 | 1 | 660.00 | English Books | |||
| Non-fiction | Sarojini Nagar | Sarojini Nagar | 04/05/2023 | Pragati Prakashan/2316/25.11.22/194/23.11.22/26.12.22 | 660.00 | 577.14 KAU | B-748081 | 1 | 660.00 | English Books | |||
| Non-fiction | Shahdara Branch | Shahdara Branch | 04/05/2023 | Pragati Prakashan/2316/25.11.22/194/23.11.22/26.12.22 | 660.00 | 577.14 KAU | B-748082 | 1 | 660.00 | English Books |
